01727nam a2200421 a 450000100060000000300090000600800410001502000180005604000280007404100080010224502250011025000110033526000480034630000220039449000150041665000260043165000270045765000380048465000250052265000330054770000240058070000270060470000260063170000330065770000220069070000140071270000730072670000190079970000170081870000220083570000190085770003170087670000160119370000450120970000140125470000180126870000190128625593CO-ViMGA141112s2004 ck r 000 u spa d a9789587590241 aCO-ViMGAbspacCO-ViMGA aSPA10aRelatos peludos para lectores agudos / ccompiladoras Norma Constanza Idárraga Hernández, Mónica López Eceheverry ; ilustradores Oscar Darío Villota, Paola López ; traductores Pablo Rolando Arango... [et al.] a1a ed. aManizales : bUniversidad de Caldas, c2011 a409 p. : il. col. aLuminautas14aCARTAS - COLECCIONES 14aCUENTOS - COLECCIONES 14aENSAYOS LITERARIOS - COLECCIONES 14aLITERATURA UNIVERSAL14aNOVELA FRANCESA - SIGLO XIX 1 aBolívar, Simón 1 aBonaparte, Napoleón 1 aByron, George Gordon 1 ade Caldas, Francisco Jóse 1 aFlaubert, Gustave1 aHenry, O 1 aIdárraga Hernández, Norma Constanza López Echeverry, Mónica 1 aIsaza, Blanca 1 aKeats, John 1 aLillo, Baldomero 1 aRenard, Jules 1 aRenard, Jules Henry, O Lillo, Baldomero, 1867 - 1923 Wilde, Oscar, 1854 - 1900 Zola, Émile, 1840 - 1902 Isaza, Blanca Voltaire Sócrates Keats, John, 1795 - 1821 Byron, George Gordon, 1788 - 1824 de Caldas, Francisco Jóse Bolívar, Simón, 1783 - 1830 Bonaparte, Napoleón Flaubert, Gustave, 1821 - 1880 1 aSócrates 1 aVillota, Óscar Darío López, Paola 1 aVoltaire 1 aWilde, Oscar 1 aZola, Émile